<?xml version="1.0" encoding="UTF-8"?>
<record
    xmlns:xsi="http://www.w3.org/2001/XMLSchema-instance"
    xsi:schemaLocation="http://www.loc.gov/MARC21/slim http://www.loc.gov/standards/marcxml/schema/MARC21slim.xsd"
    xmlns="http://www.loc.gov/MARC21/slim">

  <leader>02221ntaaa2200433   4500</leader>
  <controlfield tag="003">01</controlfield>
  <controlfield tag="005">20251027203346.0</controlfield>
  <controlfield tag="008">0714s1973  ag    01 </controlfield>
  <datafield tag="020" ind1=" " ind2=" ">
    <subfield code="a">9509596949</subfield>
  </datafield>
  <datafield tag="040" ind1=" " ind2=" ">
    <subfield code="a">AR-BaBN</subfield>
    <subfield code="b">spa</subfield>
    <subfield code="c">AR-BaBN</subfield>
    <subfield code="e">aacr</subfield>
    <subfield code="d">RIC</subfield>
  </datafield>
  <datafield tag="082" ind1=" " ind2=" ">
    <subfield code="a">280.092 P87h</subfield>
  </datafield>
  <datafield tag="100" ind1=" " ind2=" ">
    <subfield code="a">Powell, David R. </subfield>
    <subfield code="9">32368</subfield>
  </datafield>
  <datafield tag="245" ind1=" " ind2=" ">
    <subfield code="a">Huellas que perduran : </subfield>
    <subfield code="b">personalidades cristianas de Am&#xE9;rica Latina / </subfield>
    <subfield code="c">David R. Powell</subfield>
  </datafield>
  <datafield tag="260" ind1=" " ind2=" ">
    <subfield code="a">Villa Nueva, Cba. : </subfield>
    <subfield code="b">Eds. Crecimiento Cristiano, </subfield>
    <subfield code="c">2004</subfield>
  </datafield>
  <datafield tag="300" ind1=" " ind2=" ">
    <subfield code="a">136 p. ; </subfield>
    <subfield code="c">21 cm.</subfield>
  </datafield>
  <datafield tag="500" ind1=" " ind2=" ">
    <subfield code="a">Donaci&#xF3;n de Tom&#xE1;s J. M. Mackey, 2021</subfield>
  </datafield>
  <datafield tag="500" ind1=" " ind2=" ">
    <subfield code="a">Incluye ap&#xE9;ndice</subfield>
  </datafield>
  <datafield tag="505" ind1=" " ind2=" ">
    <subfield code="t">1. Roberto (Robert) Reid Kalley (1809-1888): &#xAB;Apostol de tres continentes&#xBB;</subfield>
  </datafield>
  <datafield tag="505" ind1=" " ind2=" ">
    <subfield code="t">2. Ricardo (Richard) Williams (1815-1851): de m&#xE9;dico agn&#xF3;stico a m&#xE1;rtir cristiano</subfield>
  </datafield>
  <datafield tag="505" ind1=" " ind2=" ">
    <subfield code="t">3. David Trumbull (1819-1889): misionero de distinguido linaje</subfield>
  </datafield>
  <datafield tag="505" ind1=" " ind2=" ">
    <subfield code="t">4. Ram&#xF3;n Blanco (1853-1901): de polic&#xED;a a maestro y pastor</subfield>
  </datafield>
  <datafield tag="505" ind1=" " ind2=" ">
    <subfield code="t">5. Carlos F. (Charles Francis) Yoder (1873-1955): &#xAB;vers&#xE1;til estadista de Dios&#xBB;</subfield>
  </datafield>
  <datafield tag="505" ind1=" " ind2=" ">
    <subfield code="t">6. Juan Bautista Ermete Gattinoni (1878-1970): &#xAB;Viejo roble que los vientos no derriban&#xBB;</subfield>
  </datafield>
  <datafield tag="505" ind1=" " ind2=" ">
    <subfield code="t">7. Juan (John) Ritchie (1878-1952): personalidad controvertida</subfield>
  </datafield>
  <datafield tag="505" ind1=" " ind2=" ">
    <subfield code="t">8. Juan Cris&#xF3;stomo Varetto (1879-1953): predicador de Cristo</subfield>
  </datafield>
  <datafield tag="505" ind1=" " ind2=" ">
    <subfield code="t">9. Roberto L. Clegg (1879-1961): &#xAB;un extra&#xF1;o Quijote&#xBB;</subfield>
  </datafield>
  <datafield tag="505" ind1=" " ind2=" ">
    <subfield code="t">10. Eduardo Palac&#xED; (1884-1961): &#xAB;ap&#xF3;stol de Hispanoam&#xE9;rica&#xBB;</subfield>
  </datafield>
  <datafield tag="505" ind1=" " ind2=" ">
    <subfield code="t">11. Juan A. (John Alexander) Mackay (1889-1983): &#xAB;escoc&#xE9;s con alma latina&#xBB;</subfield>
  </datafield>
  <datafield tag="505" ind1=" " ind2=" ">
    <subfield code="t">12. Federico (Frederick) Huegel (1889-1971): &#xAB;ap&#xF3;stol de la cruz&#xBB;</subfield>
  </datafield>
  <datafield tag="505" ind1=" " ind2=" ">
    <subfield code="t">13. Bowen Foster Stockwell (1899-1961): educador por &#xAB;destino manifiesto&#xBB;</subfield>
  </datafield>
  <datafield tag="505" ind1=" " ind2=" ">
    <subfield code="t">14. Gonzalo B&#xE1;ez-Camargo (1899-1983): &#xAB;escritor polifac&#xE9;tico&#xBB;</subfield>
  </datafield>
  <datafield tag="505" ind1=" " ind2=" ">
    <subfield code="t">15. Justo Gonz&#xE1;lez Carrasco (1902-1994): &#xAB;hombre de dos revoluciones&#xBB;</subfield>
  </datafield>
  <datafield tag="505" ind1=" " ind2=" ">
    <subfield code="t">16. Alejandro Clifford (1907-1980): periodista nato</subfield>
  </datafield>
  <datafield tag="505" ind1=" " ind2=" ">
    <subfield code="t">17. Natanael (Nathanael) Saint (1923-1956): &#xAB;el "arr&#xE9;glalo todo" de la selva&#xBB;</subfield>
  </datafield>
  <datafield tag="505" ind1=" " ind2=" ">
    <subfield code="t">18. Jaime (James) Elliot (1927-1956): &#xAB;el que cumple su palabra&#xBB;</subfield>
  </datafield>
  <datafield tag="505" ind1=" " ind2=" ">
    <subfield code="t">19. Las esposas</subfield>
  </datafield>
  <datafield tag="650" ind1=" " ind2=" ">
    <subfield code="a">BIOGRAFIAS</subfield>
    <subfield code="9">11246</subfield>
  </datafield>
  <datafield tag="942" ind1=" " ind2=" ">
    <subfield code="c">BK</subfield>
  </datafield>
  <datafield tag="999" ind1=" " ind2=" ">
    <subfield code="c">29123</subfield>
    <subfield code="d">29123</subfield>
  </datafield>
  <datafield tag="952" ind1=" " ind2=" ">
    <subfield code="0">0</subfield>
    <subfield code="1">0</subfield>
    <subfield code="4">0</subfield>
    <subfield code="7">0</subfield>
    <subfield code="a">BP</subfield>
    <subfield code="b">BP</subfield>
    <subfield code="d">2025-10-27</subfield>
    <subfield code="i">045663</subfield>
    <subfield code="l">0</subfield>
    <subfield code="o">280.092 P87h</subfield>
    <subfield code="p">045663</subfield>
    <subfield code="r">2025-10-27 20:33:46</subfield>
    <subfield code="w">2025-10-27</subfield>
    <subfield code="y">BK</subfield>
  </datafield>
</record>
